The Agromyzidae of Canada and Alaska (Registro nro. 646)
[ vista simple ]
| 000 -CABECERA | |
|---|---|
| Campo de control | 00868cam a2200265 4500 |
| 005 - FECHA Y HORA DE LA ULTIMA TRANSACCION | |
| Campo de control | 20191224041537.0 |
| 008 - ELEMENTOS DE LONGITUD FIJA—INFORMACION GENERAL | |
| Campo de control | 701020s1969 onca b 001 0 eng |
| 015 ## - NATIONAL BIBLIOGRAPHY NUMBER | |
| National bibliography number | C70-1434 |
| 040 ## - FUENTE DE CATALOGACIÓN | |
| Agencia catalogadora original | DLC |
| Agencia transcriptora | DLC |
| Agencia Modificadora | CO-BoIAVH |
| 041 ## - IDIOMA | |
| Código de idioma para texto/pista de sonido o título separado | Inglés |
| 043 ## - GEOGRAPHIC AREA CODE | |
| Geographic area code | n-cn--- |
| -- | n-us-ak |
| 082 00 - NUMERO DE CLASIFICACION DECIMAL DEWEY | |
| Número de clasificación | 595.774 |
| Número del ítem | S74t |
| 100 1# - ASIENTO PRINCIPAL--NOMBRE PERSONAL | |
| Nombre personal | Spencer, Kenneth A. |
| 245 14 - MENCION DE TITULO | |
| Título | The Agromyzidae of Canada and Alaska |
| Mención de responsabilidad | [by] Kenneth A. Spencer. |
| 260 ## - PUBLICACION, DISTRIBUCION, ETC. (PIE DE IMPRENTA) | |
| Lugar de publicación, distribución, etc. | Ottawa, |
| Nombre del editor, distribuidor, etc. | Entomological Society of Canada, |
| Fecha de publicación, distribución, etc. | 1969. |
| 300 ## - DESCRIPCION FISICA | |
| Extensión | 311 paginas. |
| Otros detalles físicos | ilustraciones. |
| Dimensiones | 26 x 16 cm. |
| 490 1# - MENCION DE SERIE | |
| Mención de serie | Memoirs of the Entomological Society of Canada, no. 64 |
| 504 ## - NOTA DE BIBLIOGRAFIA, ETC. | |
| Nota de bibliografía | Bibliography: p. 302-307. |
| 650 #0 - ASIENTO SECUNDARIO DE MATERIA - TERMINO TEMATICO | |
| Término temático o nombre geográfico como elemento de entrada | Agromyzidae |
| Subdivisión geográfica | Canada. |
| 650 #0 - ASIENTO SECUNDARIO DE MATERIA - TERMINO TEMATICO | |
| Término temático o nombre geográfico como elemento de entrada | Agromyzidae |
| Subdivisión geográfica | Alaska. |
| 650 #0 - ASIENTO SECUNDARIO DE MATERIA - TERMINO TEMATICO | |
| Término temático o nombre geográfico como elemento de entrada | Diptera |
| 830 #0 - ASIENTO SECUNDARIO DE SERIE--TITULO UNIFORME | |
| Volume number/sequential designation | no. 64. |
| 906 ## - LOCAL DATA ELEMENT F, LDF (RLIN) | |
| a | 7 |
| b | cbc |
| c | orignew |
| d | 4 |
| e | ncip |
| f | 19 |
| g | y-gencatlg |
| 942 ## - ELEMENTOS ADICIONALES (KOHA) | |
| Sistema de clasificación | Dewey Decimal Classification |
| Tipo de ítem | Libro |
| Withdrawn status | Lost status | Sistema de Clasificación | Damaged status | No para préstamo | Colección | Inventariado | Ubicación Permanente | Ubicación actual | Fecha de adquisición | Fuente de Valor | Valor | Total Checkouts | Número topográfico | Inventario / Código de Barras | Date last seen | Ejemplar | Price effective from | Tipo de material |
|---|---|---|---|---|---|---|---|---|---|---|---|---|---|---|---|---|---|---|
| Dewey Decimal Classification | General | Inventariado 2017 | Bogotá | Bogotá | 07/01/1998 | Amazon | 40000.00 | LB-595.774 S74t | 000914 | 04/12/2012 | Ej. 1 | 04/12/2012 | Libro |